000 00640nam a2200181 a 4500
008 120416s1972 ||||||||||||||||| || u
020 _a0273360345
050 _aHB 171.5 Har
100 _aHarbury, Colin
245 1 0 _aDescriptive economies. (4th ed.)
250 _a4th ed
260 _aLondon
_bPitman
_c1972
300 _axii, 300p. : ill
350 _a0.00
650 _aGREAT BRITAIN--ECONOMIC CONDITIONS-1945-1964
650 _aGREAT BRITAIN--ECONOMIC CONDITIONS-1964-1979
995 _D0.00
_FCBU-MAIN LIBRARY (Kitwe)
_H1
_I6.95
_UAVAILABLE
_ZMain Library Open Access Collection
999 _c39641
_d39641